000 00900aam a2200301 i 4500
001 768714001
003 CO-MdFUSB
005 20260213115939.0
007 ta
008 260213t2006 enk |||| |||| 00| 0 eng d
020 _a978-3-438-05119-6
040 _cCO-MdFUSB
041 _aeng
082 0 4 _223
_a221.48
_bS4796s
245 1 0 _aSeptuaginta :
_bId est Vetus Testamentum greace iuxta LXX interpretes
_c/ editado por Alfred Rahlfs , Robert Hanhart
264 1 _bDeutsche Bibelgesellschaft,
_aStuttgart, Alemania :
_c[2006]
264 4 _c©2006
300 _a941 páginas
_c; 20 cm
336 _2rdacontent
_atexto
_btxt
337 _2rdamedia
_asin mediación
_bn
338 _2rdacarrier
_avolumen
_bnc
563 _aPasta dura
653 _aSeptuaginta
700 _aRahlfs, Alfred,
_912166
_eeditor
700 _aHanhart, Robert,
_912167
_eeditor
942 _cBK
945 _aJTF-925
999 _c44654
_d44654